Below the belt / Stuart Woods.
Newly ensconced in his Santa Fe abode with a lovely female companion, Stone Barrington receives a call from an old friend requesting a delicate favor. A situation has arisen that could escalate into an explosive quagmire, and only someone with Stone's stealth and subtlety can contain the damage. At the center of these events is an impressive gentleman whose star is on the rise, and who'd like to get Stone in his corner. He's charming and ambitious and has friends in high places; the kind of man who seems to be a sure bet. But in the fickle circles of power, fortunes rise and fall on the turn of a dime, and it may turn out that Stone holds the key not just to one man's fate, but to the fate of the nation.
Record details
- ISBN: 9781410496652
- ISBN: 1410496651
- Physical Description: 413 pages (large print) ; 23 cm.
- Edition: Large print edition.
- Publisher: Waterville, Maine : Thorndike Press, a part of Gale, Cengage Learning, 2017.
Search for related items by subject
| Subject: | Barrington, Stone (Fictitious character) > Fiction. Private investigators > Fiction. |
| Genre: | Large type books. Suspense fiction. Detective and mystery fiction. Thrillers (Fiction) |
Search for related items by series
Available copies
- 1 of 1 copy available at scottsboropl.
Holds
- 0 current holds with 1 total copy.
Other Formats and Editions
Show Only Available Copies
| Location | Call Number / Copy Notes | Barcode | Shelving Location | Status | Due Date |
|---|---|---|---|---|---|
| scottsboropl | F Woo | 32269001008450 | Adult - Fiction | Available | - |
| LDR | 02213cam a22004338i 4500 | ||
|---|---|---|---|
| 001 | 142722 | ||
| 003 | CONS | ||
| 005 | 20170306112836.0 | ||
| 008 | 161026t20172017meu d 000 1 eng | ||
| 010 | . | ‡a 2016049527 | |
| 020 | . | ‡a9781410496652 ‡q(large print : hardcover) | |
| 020 | . | ‡a1410496651 ‡q(large print : hardcover) | |
| 035 | . | ‡a(CPomAG)LMN597821 | |
| 042 | . | ‡apcc | |
| 050 | 1 | 0. | ‡aPS3573.O642 ‡bB454 2017 |
| 082 | 0 | 0. | ‡a813/.54 ‡223 |
| 084 | . | ‡aFIC031000 ‡2bisacsh | |
| 100 | 1 | . | ‡aWoods, Stuart, ‡eauthor. |
| 245 | 1 | 0. | ‡aBelow the belt / ‡cStuart Woods. |
| 250 | . | ‡aLarge print edition. | |
| 264 | 1. | ‡aWaterville, Maine : ‡bThorndike Press, a part of Gale, Cengage Learning, ‡c2017. | |
| 300 | . | ‡a413 pages (large print) ; ‡c23 cm. | |
| 336 | . | ‡atext ‡btxt ‡2rdacontent | |
| 337 | . | ‡aunmediated ‡bn ‡2rdamedia | |
| 338 | . | ‡avolume ‡bnc ‡2rdacarrier | |
| 340 | . | ‡nlarge print ‡2rda | |
| 490 | 1 | . | ‡aStone Barrington novel ; ‡v40 |
| 490 | 0 | . | ‡aThorndike Press large print basic |
| 520 | . | ‡aNewly ensconced in his Santa Fe abode with a lovely female companion, Stone Barrington receives a call from an old friend requesting a delicate favor. A situation has arisen that could escalate into an explosive quagmire, and only someone with Stone's stealth and subtlety can contain the damage. At the center of these events is an impressive gentleman whose star is on the rise, and who'd like to get Stone in his corner. He's charming and ambitious and has friends in high places; the kind of man who seems to be a sure bet. But in the fickle circles of power, fortunes rise and fall on the turn of a dime, and it may turn out that Stone holds the key not just to one man's fate, but to the fate of the nation. | |
| 650 | 0. | ‡aBarrington, Stone (Fictitious character) ‡vFiction. | |
| 650 | 0. | ‡aPrivate investigators ‡vFiction. | |
| 655 | 0. | ‡aLarge type books. | |
| 655 | 7. | ‡aSuspense fiction. ‡2gsafd | |
| 655 | 7. | ‡aDetective and mystery fiction. ‡2lcgft | |
| 655 | 7. | ‡aThrillers (Fiction) ‡2lcgft | |
| 800 | 1 | . | ‡aWoods, Stuart. ‡tStone Barrington novel ; ‡v40. |
| 914 | . | ‡aLMN_cm | |
| 959 | . | ‡i32269001008450 ‡lF Woo ‡aAdult - Fiction ‡tFiction ‡g18.00 | |
| 852 | . | ‡p32269001008450 ‡jF Woo ‡gAdult - Fiction ‡cFiction ‡y18.00 ‡bSBPL | |
| 901 | . | ‡a142722 ‡bUnknown ‡c142722 ‡tbiblio | |